[Event "Quebec-ch U18"]
[Site "Montreal CAN"]
[Date "2000.03.05"]
[Round "7"]
[White "Masse, Hugues"]
[Black "Desmarais, Emmanuel"]
[Result "1/2-1/2"]
[WhiteElo "1880"]
[BlackElo "1901"]
[PlyCount "116"]
[GameId "2160767911733066"]
[EventDate "2000.03.02"]
[EventType "tourn"]
[EventRounds "7"]
[EventCountry "CAN"]

1. e4 c6 2. d4 d5 3. Nc3 dxe4 4. Nxe4 Bf5 5. Ng3 Bg6 6. h4 h6 7. Nf3 Nd7 8. h5 Bh7 9. Bd3 Bxd3 10. Qxd3 Ngf6 11. Bd2 Qc7 12. O-O-O O-O-O 13. Qe2 e6 14. Ne5 Nxe5 15. dxe5 Nd5 16. Kb1 Qb6 17. Qf3 Bc5 18. Ne4 Bd4 19. c3 Bxe5 20. Qxf7 Rhe8 21. g3 Qb5 22. Ka1 Qc4 23. Rhe1 Re7 24. Qg6 Nf6 25. Nxf6 Bxf6 26. Qc2 Red7 27. Be3 Rd5 28. Rxd5 Rxd5 29. Rd1 Rxh5 30. Qg6 Rd5 31. Rxd5 Qxd5 32. Bxa7 c5 33. Qe8+ Bd8 34. a3 Qd1+ 35. Ka2 Qd5+ 36. Ka1 Qd6 37. Qb5 b6 38. Qa6+ Kd7 39. a4 Bc7 40. a5 bxa5 41. Qb5+ Qc6 42. Qxc5 Qxc5 43. Bxc5 h5 44. Be3 Bd8 45. f4 Ke7 46. Bd4 Kf7 47. b4 axb4 48. cxb4 Kg6 49. b5 Kf5 50. b6 Bxb6 51. Bxb6 Kg4 52. Bf2 Kf3 53. Be1 Ke2 54. Bc3 Kf3 55. Be5 Kg4 56. Kb2 g5 57. fxg5 Kxg5 58. Bc7 Kg4 1/2-1/2

[Event "Quebec-ch U18"]
[Site "Montreal CAN"]
[Date "2000.03.05"]
[Round "7"]
[White "Moskvitch, Andrei"]
[Black "Falardeau, Bruno"]
[Result "1-0"]
[WhiteElo "2223"]
[BlackElo "1808"]
[PlyCount "53"]
[GameId "2160767911733067"]
[EventDate "2000.03.02"]
[EventType "tourn"]
[EventRounds "7"]
[EventCountry "CAN"]

1. e4 e6 2. d4 d5 3. Nd2 Nf6 4. Bd3 c5 5. e5 Nfd7 6. c3 Nc6 7. Ne2 Be7 8. O-O Qb6 9. Nf3 cxd4 10. cxd4 Nb4 11. Bb1 Qc7 12. a3 Nc6 13. Bf4 Nb6 14. b3 a5 15. Qd3 Bd7 16. Nc3 Na7 17. Rc1 Rc8 18. a4 Bb4 19. Bd2 Bxc3 20. Bxc3 Na8 21. Qd2 b6 22. Qg5 g6 23. Qf6 Rf8 24. Bd3 Bc6 25. Bb2 Qd7 26. Qg7 h5 27. Ba3 1-0

[Event "Quebec-ch U18"]
[Site "Montreal CAN"]
[Date "2000.03.05"]
[Round "7"]
[White "Tessier, Olivier"]
[Black "Cardin, Guillaume"]
[Result "1-0"]
[WhiteElo "1973"]
[BlackElo "1793"]
[PlyCount "69"]
[GameId "2160767911733068"]
[EventDate "2000.03.02"]
[EventType "tourn"]
[EventRounds "7"]
[EventCountry "CAN"]

1. e4 c5 2. Nf3 e6 3. d4 cxd4 4. Nxd4 Nf6 5. Nc3 Nc6 6. Ndb5 d6 7. Bf4 e5 8. Bg5 a6 9. Na3 b5 10. Nd5 Be7 11. Bxf6 Bxf6 12. c3 O-O 13. Nc2 Bg5 14. g3 f5 15. exf5 Bxf5 16. Bg2 Ra7 17. Nce3 Be6 18. O-O Kh8 19. Qd3 Ne7 20. Rad1 Nf5 21. Be4 Nxe3 22. Nxe3 Bxe3 23. Qxe3 Raf7 24. Bd5 Bh3 25. Bxf7 Rxf7 26. Qxe5 h6 27. Rfe1 Qc7 28. Qxd6 Qb7 29. Qd5 Qa7 30. Rd4 b4 31. cxb4 Rf5 32. Qe4 Qb6 33. Qh4 Rf6 34. Red1 Qe6 35. Qe4 1-0

[Event "Quebec-ch U20"]
[Site "Montreal CAN"]
[Date "2000.06.06"]
[Round "1"]
[White "Feoktistov, Dmitri"]
[Black "Gottlieb, Jonathan"]
[Result "1-0"]
[WhiteElo "1941"]
[BlackElo "2043"]
[PlyCount "85"]
[GameId "2160767911703485"]
[EventDate "2000.06.06"]
[EventType "tourn"]
[EventRounds "7"]
[EventCountry "CAN"]

1. d4 d5 2. c4 e6 3. Nc3 c5 4. e3 Nf6 5. Nf3 Nc6 6. Be2 Be7 7. O-O O-O 8. b3 b6 9. Bb2 Bb7 10. Rc1 cxd4 11. exd4 Rc8 12. cxd5 Nxd5 13. Nxd5 exd5 14. Ne5 f6 15. Nxc6 Rxc6 16. Rxc6 Bxc6 17. Qc2 Be8 18. Bf3 Qd6 19. Re1 Bd8 20. Qc1 Be7 21. Qe3 Rf7 22. Bg4 Bd7 23. Bf3 Be8 24. Qd3 Bd7 25. Qa6 Qc7 26. Bxd5 Bb4 27. Bxf7+ Kxf7 28. Rf1 Qd6 29. a3 Bd2 30. Bc1 Bc3 31. Qc4+ Be6 32. Qxc3 Qd5 33. Be3 h5 34. Qc7+ Kg8 35. Qg3 g5 36. Rc1 Qxb3 37. Qf3 Kg7 38. Qxh5 Kf8 39. Qf3 Kg7 40. Qb7+ Kg6 41. Qc6 Bf5 42. Qe8+ Kh7 43. Rc7+ 1-0

[Event "Quebec-ch U20"]
[Site "Montreal CAN"]
[Date "2000.06.06"]
[Round "1"]
[White "Masse, Hugues"]
[Black "Laframboise, Marc-Andre"]
[Result "1-0"]
[WhiteElo "1938"]
[BlackElo "2084"]
[PlyCount "61"]
[GameId "2160767911703486"]
[EventDate "2000.06.06"]
[EventType "tourn"]
[EventRounds "7"]
[EventCountry "CAN"]

1. e4 c5 2. f4 d6 3. Nf3 g6 4. Nc3 Bg7 5. Bc4 e6 6. O-O Ne7 7. Qe1 O-O 8. d3 d5 9. Bb3 Nbc6 10. f5 c4 11. dxc4 dxe4 12. f6 Bxf6 13. Nxe4 Bg7 14. c3 h6 15. Be3 b6 16. Rd1 Qc7 17. Nd6 Nf5 18. Nxf5 exf5 19. Nd4 a6 20. Nxc6 Qxc6 21. c5 Ra7 22. cxb6 Re7 23. Qd2 g5 24. Bd5 Qg6 25. Bc5 Rfe8 26. Bxe7 Rxe7 27. Qf2 Be5 28. Qc5 Re8 29. Bc6 Rf8 30. b7 Bc7 31. Qxf8+ 1-0

[Event "Quebec-ch U20"]
[Site "Montreal CAN"]
[Date "2000.06.06"]
[Round "2"]
[White "Gottlieb, Jonathan"]
[Black "Masse, Hugues"]
[Result "1/2-1/2"]
[WhiteElo "2043"]
[BlackElo "1938"]
[PlyCount "70"]
[GameId "2160767911703489"]
[EventDate "2000.06.06"]
[EventType "tourn"]
[EventRounds "7"]
[EventCountry "CAN"]

1. e4 c5 2. Nf3 d6 3. d4 cxd4 4. Nxd4 Nf6 5. Nc3 g6 6. Be3 Bg7 7. f3 Nc6 8. Qd2 O-O 9. O-O-O d5 10. Kb1 Nxd4 11. e5 Nd7 12. Bxd4 Nxe5 13. Qe3 Nc6 14. Bxg7 Kxg7 15. Nxd5 Be6 16. Bc4 Qa5 17. b4 Qa4 18. Bb3 Qa3 19. b5 Na5 20. h4 Nxb3 21. axb3 Rfd8 22. Qe5+ Kg8 23. h5 Bxd5 24. hxg6 fxg6 25. Rxd5 a6 26. b6 Qb4 27. Qe6+ Kg7 28. Qe5+ Kg8 29. Qe6+ Kg7 30. Rg5 Qd6 31. Re1 Qxe6 32. Rxe6 Kf7 33. Rge5 Rd7 34. Re2 Rad8 35. Kb2 Rc8 1/2-1/2

[Event "Quebec-ch U20"]
[Site "Montreal CAN"]
[Date "2000.06.06"]
[Round "2"]
[White "Laframboise, Marc-Andre"]
[Black "Cormos, Eugene"]
[Result "0-1"]
[WhiteElo "2084"]
[BlackElo "2009"]
[PlyCount "52"]
[GameId "2160767911703490"]
[EventDate "2000.06.06"]
[EventType "tourn"]
[EventRounds "7"]
[EventCountry "CAN"]

1. d4 d5 2. c4 e6 3. Nc3 Nf6 4. cxd5 exd5 5. Bg5 Be7 6. Qc2 Nbd7 7. e3 O-O 8. Bd3 h6 9. Bh4 c5 10. Nf3 Re8 11. O-O-O c4 12. Bf5 b5 13. Ne5 b4 14. Ne2 Qb6 15. Qb1 Nxe5 16. dxe5 Ng4 17. Bg3 Nxe3 18. Bh7+ Kh8 19. Rd4 Ng4 20. h3 Bc5 21. Rxg4 Bxg4 22. hxg4 Bxf2 23. Bh2 g6 24. Bxg6 fxg6 25. Kd1 Be3 26. Qxg6 Qxg6 0-1

[Event "Quebec-ch U20"]
[Site "Montreal CAN"]
[Date "2000.06.06"]
[Round "2"]
[White "Pescarus, Radu"]
[Black "Feoktistov, Dmitri"]
[Result "1-0"]
[WhiteElo "2052"]
[BlackElo "1941"]
[PlyCount "115"]
[GameId "2160767911703491"]
[EventDate "2000.06.06"]
[EventType "tourn"]
[EventRounds "7"]
[EventCountry "CAN"]

1. e4 c6 2. d4 d5 3. exd5 cxd5 4. c4 Nf6 5. Nc3 Nc6 6. Nf3 Bg4 7. cxd5 Nxd5 8. Qb3 Bxf3 9. gxf3 e6 10. Qxb7 Nxd4 11. Bb5+ Nxb5 12. Qc6+ Ke7 13. Qxb5 Rc8 14. Nxd5+ Qxd5 15. Qxd5 exd5 16. Be3 Rc7 17. Kd2 Kd7 18. Rac1 Bb4+ 19. Kd3 Rhc8 20. Rxc7+ Rxc7 21. Rc1 Bd6 22. Rxc7+ Kxc7 23. h3 a6 24. Bd4 f6 25. Bc3 Kc6 26. a3 Be5 27. Bd4 Kb5 28. b3 a5 29. Bxe5 fxe5 30. f4 exf4 31. Kd4 Kc6 32. h4 h5 33. b4 axb4 34. axb4 g5 35. hxg5 h4 36. g6 h3 37. g7 h2 38. g8=Q h1=Q 39. Qe6+ Kc7 40. Qe5+ Kc8 41. Qf5+ Kb8 42. Qxf4+ Kc8 43. Qf5+ Kb8 44. Qe5+ Kc8 45. Qe6+ Kb8 46. Qb6+ Kc8 47. Qc6+ Kb8 48. Qe8+ Kc7 49. Qe7+ Kc8 50. Kc5 d4 51. Kxd4 Qd1+ 52. Kc5 Qc2+ 53. Kb6 Qg6+ 54. Ka5 Qb1 55. f4 Kb8 56. Qd6+ Ka8 57. Kb6 Qg1+ 58. Qc5 1-0

[Event "Quebec-ch U20"]
[Site "Montreal CAN"]
[Date "2000.06.07"]
[Round "3"]
[White "Cormos, Eugene"]
[Black "Gottlieb, Jonathan"]
[Result "1-0"]
[WhiteElo "2007"]
[BlackElo "2043"]
[PlyCount "69"]
[GameId "2160767911703492"]
[EventDate "2000.06.06"]
[EventType "tourn"]
[EventRounds "7"]
[EventCountry "CAN"]

1. e4 c5 2. c3 Nf6 3. e5 Nd5 4. d4 cxd4 5. cxd4 d6 6. Nf3 e6 7. a3 Bd7 8. Nbd2 Qa5 9. Bc4 Nf4 10. O-O Qc7 11. Re1 d5 12. Bf1 Be7 13. Nb1 Ng6 14. Nc3 Nc6 15. Bd3 O-O-O 16. Bd2 f6 17. exf6 gxf6 18. Rc1 Kb8 19. b4 Nf4 20. Nb5 Nxd3 21. Nxc7 Nxe1 22. Qxe1 Kxc7 23. b5 Bxa3 24. Rc2 Bd6 25. bxc6 bxc6 26. Ba5+ Kc8 27. Bxd8 Kxd8 28. Qa5+ Ke7 29. Qxa7 Rb8 30. g3 e5 31. dxe5 fxe5 32. Kg2 Ke8 33. Ng5 Rb1 34. Nxh7 Bf5 35. Nf6+ 1-0

[Event "Quebec-ch U20"]
[Site "Montreal CAN"]
[Date "2000.06.07"]
[Round "3"]
[White "Masse, Hugues"]
[Black "Pescarus, Radu"]
[Result "1/2-1/2"]
[WhiteElo "1938"]
[BlackElo "2052"]
[PlyCount "215"]
[GameId "2160767911711687"]
[EventDate "2000.06.06"]
[EventType "tourn"]
[EventRounds "7"]
[EventCountry "CAN"]

1. e4 c5 2. f4 Nc6 3. Nf3 g6 4. Bb5 Nd4 5. Nxd4 cxd4 6. Be2 Bg7 7. O-O e6 8. d3 Ne7 9. Nd2 O-O 10. Nf3 d6 11. Bd2 Qb6 12. Rb1 Bd7 13. Kh1 Nc6 14. c3 Rfc8 15. Qe1 Qd8 16. cxd4 Nxd4 17. Nxd4 Bxd4 18. Bc3 Qf6 19. Bxd4 Qxd4 20. Qd2 Rc7 21. Rbc1 Rac8 22. Rxc7 Rxc7 23. f5 exf5 24. exf5 Rc5 25. fxg6 hxg6 26. Rf4 Rc2 27. Qxc2 Qxf4 28. h3 Bc6 29. Qd1 Qg3 30. Bf3 Bxf3 31. Qxf3 Qxf3 32. gxf3 Kg7 33. Kg2 Kf6 34. f4 Ke6 35. Kf3 Kd5 36. Ke3 f6 37. b3 b6 38. d4 Ke6 39. Ke4 d5+ 40. Ke3 Kf5 41. a4 g5 42. Kf3 gxf4 43. b4 Kg5 44. h4+ Kxh4 45. Kxf4 a6 46. a5 b5 47. Kf5 Kg3 48. Ke6 Kg4 49. Kxd5 f5 50. Kc6 f4 51. d5 f3 52. d6 f2 53. d7 f1=Q 54. d8=Q Qc4+ 55. Kb7 Qxb4 56. Qd7+ Kh4 57. Kxa6 Qc4 58. Qxb5 Qc8+ 59. Kb6 Qb8+ 60. Kc5 Qf8+ 61. Kc4 Qf7+ 62. Kb4 Kh3 63. a6 Qf4+ 64. Ka5 Qd2+ 65. Kb6 Qd8+ 66. Ka7 Qc7+ 67. Qb7 Qc5+ 68. Kb8 Qd6+ 69. Kc8 Qf8+ 70. Kc7 Qe7+ 71. Kb6 Qb4+ 72. Kc6 Qc4+ 73. Kd6 Qd4+ 74. Qd5 Qb6+ 75. Qc6 Qd4+ 76. Ke7 Qg7+ 77. Kd8 Qf8+ 78. Kc7 Qf4+ 79. Kc8 Qf8+ 80. Kc7 Qf4+ 81. Kb6 Qb4+ 82. Qb5 Qd6+ 83. Ka5 Qa3+ 84. Kb6 Qd6+ 85. Kb7 Qe7+ 86. Ka8 Qd8+ 87. Qb8 Qd5+ 88. Qb7 Qd8+ 89. Ka7 Qd4+ 90. Kb8 Qd6+ 91. Ka7 Qc5+ 92. Kb8 Qd6+ 93. Kc8 Qf8+ 94. Kc7 Qe7+ 95. Kc6 Qe4+ 96. Kc5 Qe3+ 97. Kc4 Qc1+ 98. Kd3 Qd1+ 99. Ke3 Qe1+ 100. Kf3 Qc3+ 101. Kf4 Qf6+ 102. Ke4 Qg6+ 103. Ke5 Qg5+ 104. Kd4 Qf4+ 105. Qe4 Qd6+ 106. Kc3 Qxa6 107. Qd3+ Qxd3+ 108. Kxd3 1/2-1/2

[Event "Quebec-ch U20"]
[Site "Montreal CAN"]
[Date "2000.06.07"]
[Round "4"]
[White "Gottlieb, Jonathan"]
[Black "Laframboise, Marc-Andre"]
[Result "1/2-1/2"]
[WhiteElo "2043"]
[BlackElo "2084"]
[PlyCount "28"]
[GameId "2160767911711689"]
[EventDate "2000.06.06"]
[EventType "tourn"]
[EventRounds "7"]
[EventCountry "CAN"]

1. e4 c5 2. Nf3 d6 3. d4 cxd4 4. Nxd4 Nf6 5. Nc3 a6 6. Be2 e5 7. Nb3 Be7 8. Be3 Be6 9. O-O O-O 10. Kh1 Nbd7 11. f4 exf4 12. Bxf4 Ne5 13. Qe1 Rc8 14. Rd1 Qc7 1/2-1/2

[Event "Quebec-ch U20"]
[Site "Montreal CAN"]
[Date "2000.06.07"]
[Round "4"]
[White "Pescarus, Radu"]
[Black "Cormos, Eugene"]
[Result "1/2-1/2"]
[WhiteElo "2052"]
[BlackElo "2009"]
[PlyCount "21"]
[GameId "2160767911711690"]
[EventDate "2000.06.06"]
[EventType "tourn"]
[EventRounds "7"]
[EventCountry "CAN"]

1. Nf3 d5 2. g3 Nf6 3. Bg2 e6 4. d3 b6 5. O-O Bb7 6. Nbd2 Be7 7. Re1 O-O 8. c3 Nbd7 9. Qc2 Rc8 10. e4 dxe4 11. dxe4 1/2-1/2

[Event "Quebec-ch U20"]
[Site "Montreal CAN"]
[Date "2000.06.08"]
[Round "5"]
[White "Laframboise, Marc-Andre"]
[Black "Pescarus, Radu"]
[Result "1/2-1/2"]
[WhiteElo "2084"]
[BlackElo "2009"]
[PlyCount "81"]
[GameId "2160767911711694"]
[EventDate "2000.06.06"]
[EventType "tourn"]
[EventRounds "7"]
[EventCountry "CAN"]

1. d4 Nf6 2. c4 e6 3. Nc3 Bb4 4. f3 d5 5. a3 Bxc3+ 6. bxc3 c5 7. e3 Nc6 8. Bd3 O-O 9. Ne2 Qc7 10. O-O Rd8 11. Qc2 dxc4 12. Bxc4 e5 13. Bb2 Na5 14. Ba2 cxd4 15. exd4 exd4 16. Rfd1 d3 17. Rxd3 Qb6+ 18. Kf1 Bf5 19. Rxd8+ Rxd8 20. Qxf5 Qxb2 21. Qb1 Rd2 22. Qxb2 Rxb2 23. Nd4 g6 24. a4 a6 25. Ne2 Kf8 26. Kf2 Ke7 27. Ke3 Nd7 28. Kd3 Ne5+ 29. Ke3 Nac4+ 30. Bxc4 Nxc4+ 31. Kd4 Rxe2 32. Kxc4 Kd6 33. Rg1 b6 34. h4 Rf2 35. h5 gxh5 36. Rh1 Rxg2 37. Rxh5 Rf2 38. Rh6+ Kc7 39. Rf6 h5 40. Rxf7+ Kc6 41. Rf6+ 1/2-1/2

[Event "Quebec-ch U20"]
[Site "Montreal CAN"]
[Date "2000.06.08"]
[Round "5"]
[White "Masse, Hugues"]
[Black "Feoktistov, Dmitri"]
[Result "1/2-1/2"]
[WhiteElo "1938"]
[BlackElo "1941"]
[PlyCount "79"]
[GameId "2160767911711695"]
[EventDate "2000.06.06"]
[EventType "tourn"]
[EventRounds "7"]
[EventCountry "CAN"]

1. e4 c6 2. d4 d5 3. e5 Bf5 4. Nc3 e6 5. g4 Bg6 6. Nge2 h6 7. Be3 Nd7 8. f4 Qb6 9. Qd2 h5 10. Na4 Qc7 11. g5 a6 12. h4 c5 13. Nxc5 Nxc5 14. dxc5 Bxc5 15. Bxc5 Qxc5 16. Nd4 Ne7 17. c3 Rc8 18. Bd3 Bxd3 19. Qxd3 g6 20. O-O-O O-O 21. Kb1 b5 22. Rh2 Rc7 23. Rc2 Rb8 24. Qe2 Nc6 25. Nxc6 Qxc6 26. Rd4 a5 27. a3 Ra7 28. Qd2 Rab7 29. Ka2 Qa6 30. b3 Kg7 31. Kb2 b4 32. cxb4 axb4 33. a4 Qb6 34. Qf2 Rc7 35. Rdd2 Rxc2+ 36. Rxc2 Qa6 37. Qe2 Qb6 38. Qf2 Qa6 39. Qe2 Qb6 40. Qf2 1/2-1/2

[Event "Quebec-ch U20"]
[Site "Montreal CAN"]
[Date "2000.06.08"]
[Round "6"]
[White "Feoktistov, Dmitri"]
[Black "Cormos, Eugene"]
[Result "0-1"]
[WhiteElo "1941"]
[BlackElo "2009"]
[PlyCount "76"]
[GameId "2160767911711697"]
[EventDate "2000.06.06"]
[EventType "tourn"]
[EventRounds "7"]
[EventCountry "CAN"]

1. d4 d5 2. c4 e6 3. Nc3 Nf6 4. Bg5 Be7 5. e3 Nbd7 6. Nf3 O-O 7. Bd3 h6 8. Bh4 a6 9. O-O dxc4 10. Bxc4 b5 11. Bd3 Bb7 12. Rc1 Rc8 13. Qe2 c5 14. a3 Qc7 15. Rfd1 Bd6 16. Bg3 Bxg3 17. hxg3 Rfd8 18. e4 cxd4 19. Nxd4 Nc5 20. Bc2 Qe5 21. f4 Qh5 22. Nf3 Ng4 23. Rxd8+ Rxd8 24. Rd1 Nd7 25. e5 f5 26. exf6 Qc5+ 27. Nd4 Ndxf6 28. Qd2 Qh5 29. Bb3 Qh2+ 30. Kf1 Qh1+ 31. Ke2 Qxg2+ 32. Kd3 Be4+ 33. Nxe4 Qxe4+ 34. Kc3 Rc8+ 35. Kb4 a5+ 36. Kxa5 Qa8+ 37. Kb4 Nd5+ 38. Kxb5 Qb7+ 0-1

[Event "Quebec-ch U20"]
[Site "Montreal CAN"]
[Date "2000.06.08"]
[Round "6"]
[White "Pescarus, Radu"]
[Black "Gottlieb, Jonathan"]
[Result "1-0"]
[WhiteElo "2052"]
[BlackElo "2043"]
[PlyCount "137"]
[GameId "2160767911711698"]
[EventDate "2000.06.06"]
[EventType "tourn"]
[EventRounds "7"]
[EventCountry "CAN"]

1. e4 c5 2. f4 g6 3. d3 Bg7 4. c3 d5 5. e5 Nc6 6. Be2 e6 7. Nf3 Nge7 8. Na3 O-O 9. Nc2 b5 10. Be3 c4 11. O-O Qc7 12. Qe1 Rb8 13. Qf2 Ba6 14. Bc5 Rb7 15. a3 Rd8 16. Nb4 Qa5 17. Kh1 Rbd7 18. Qh4 Bb7 19. Ng5 h6 20. Nf3 Qc7 21. Qf2 Qc8 22. Nc2 Bf8 23. h3 Kh7 24. Rg1 Nf5 25. Bxf8 Rxf8 26. d4 Qd8 27. Raf1 Ng7 28. g4 Bc8 29. Ne3 f6 30. Qg3 g5 31. exf6 Qxf6 32. fxg5 Qf4 33. Qxf4 Rxf4 34. gxh6 Kxh6 35. Kg2 Re4 36. Kf2 Rf7 37. Bd1 e5 38. Bc2 Ref4 39. Ke2 exd4 40. Nxd4 Nxd4+ 41. cxd4 Rxf1 42. Rxf1 Rxf1 43. Kxf1 Kg5 44. Nxd5 Kh4 45. Ne7 Bd7 46. Nf5+ Kxh3 47. Nxg7 Kxg4 48. Ke2 a5 49. Ke3 Kg5 50. d5 Kf6 51. Nh5+ Ke5 52. Nf4 b4 53. Be4 Be8 54. Ne2 Ba4 55. Nd4 Kd6 56. Nc6 bxa3 57. bxa3 Kc5 58. Nxa5 Bb5 59. Nb7+ Kb6 60. Nd6 Bd7 61. Nxc4+ Kc5 62. Ne5 Ba4 63. Nd3+ Kd6 64. Kd4 Bd7 65. Nc5 Bb5 66. a4 Bf1 67. a5 Bb5 68. a6 Kc7 69. Bd3 1-0

[Event "Quebec-ch classe"]
[Site "St-Jean CAN"]
[Date "2000.10.06"]
[Round "1"]
[White "Belanger, Jacques"]
[Black "Mikanovic, Goran"]
[Result "1/2-1/2"]
[WhiteElo "2109"]
[BlackElo "2323"]
[PlyCount "100"]
[GameId "2160767911644132"]
[EventDate "2000.10.06"]
[EventType "swiss"]
[EventRounds "5"]
[EventCountry "CAN"]

1. e4 c5 2. Nf3 e6 3. d4 cxd4 4. Nxd4 Nc6 5. Nb5 d6 6. c4 Nf6 7. N1c3 a6 8. Na3 Be7 9. Be2 O-O 10. O-O Qc7 11. Be3 b6 12. Rc1 Ne5 13. f4 Ned7 14. Nab1 Bb7 15. Bf3 Rac8 16. Nd2 Rfe8 17. b4 Qb8 18. a3 Qa8 19. Qb3 Bf8 20. Bd4 g6 21. e5 Bxf3 22. Rxf3 Ng4 23. exd6 Bxd6 24. Nce4 Bf8 25. c5 bxc5 26. bxc5 f5 27. Ng5 Nxc5 28. Qa2 h6 29. h3 hxg5 30. hxg4 Ne4 31. Rxc8 Qxc8 32. Nxe4 fxe4 33. Rc3 Qd7 34. Be5 Qd1+ 35. Kh2 Qd5 36. Qb2 Re7 37. Rh3 Rh7 38. Rxh7 Kxh7 39. Qc3 Kg8 40. fxg5 e3 41. Qxe3 a5 42. Qf4 Be7 43. Kh1 Qb7 44. Bd4 Qb5 45. Qe4 Qf1+ 46. Kh2 Kf7 47. Qe5 Qd3 48. a4 Ke8 49. Qb8+ Kf7 50. Qe5 Ke8 1/2-1/2

[Event "Quebec-ch classe"]
[Site "St-Jean CAN"]
[Date "2000.10.06"]
[Round "1"]
[White "Desmarais, Emmanuel"]
[Black "Prahov, Valentin"]
[Result "0-1"]
[WhiteElo "2070"]
[BlackElo "2238"]
[PlyCount "108"]
[GameId "2160767911644133"]
[EventDate "2000.10.06"]
[EventType "swiss"]
[EventRounds "5"]
[EventCountry "CAN"]

1. e4 c5 2. Nc3 g6 3. g3 Bg7 4. Bg2 Nc6 5. d3 d6 6. f4 e6 7. Nge2 Nge7 8. O-O Rb8 9. g4 h5 10. gxh5 Rxh5 11. Ng3 Rh7 12. f5 exf5 13. exf5 Nxf5 14. Nxf5 Bxf5 15. Bf4 Kf8 16. Qd2 Be5 17. Rae1 Qh4 18. Bxc6 bxc6 19. Bxe5 dxe5 20. Rxe5 Qd4+ 21. Re3 Rxb2 22. Kh1 Rxc2 23. Qxc2 Qxe3 24. Ne4 Bxe4+ 25. dxe4 Rh4 26. Rc1 Qxe4+ 27. Qxe4 Rxe4 28. Rxc5 Re1+ 29. Kg2 Re2+ 30. Kg3 Rxa2 31. Rxc6 Ra4 32. Rc8+ Kg7 33. Rc7 Kf6 34. Rc5 a6 35. h3 Re4 36. Rc6+ Re6 37. Rc5 Rb6 38. Kf4 Ke6 39. Re5+ Kd6 40. Re8 Rb4+ 41. Kg5 Rb5+ 42. Kf4 Rh5 43. Kg4 a5 44. Ra8 Kc6 45. Ra6+ Kb5 46. Rf6 Rf5 47. Rd6 a4 48. Rd8 Kb4 49. Rd4+ Kb3 50. Rd3+ Kb2 51. Rd2+ Kc3 52. Ra2 Kb3 53. Rd2 a3 54. Rd3+ Kb2 0-1

[Event "Quebec-ch classe"]
[Site "St-Jean CAN"]
[Date "2000.10.06"]
[Round "1"]
[White "Hua, Lefong"]
[Black "Boulay, David"]
[Result "1-0"]
[WhiteElo "2317"]
[BlackElo "2082"]
[PlyCount "141"]
[GameId "2160767911644134"]
[EventDate "2000.10.06"]
[EventType "swiss"]
[EventRounds "5"]
[EventCountry "CAN"]

1. c4 Nf6 2. Nc3 g6 3. g3 Bg7 4. Bg2 O-O 5. d3 e5 6. e3 c6 7. Nge2 a5 8. O-O d6 9. Rb1 Be6 10. b3 Na6 11. e4 Rb8 12. d4 Bc8 13. Ba3 Nb4 14. Qd2 b5 15. cxb5 cxb5 16. Rbd1 Qb6 17. Nb1 Ra8 18. Bxb4 axb4 19. Qxb4 Rxa2 20. Nec3 Ra6 21. dxe5 dxe5 22. Nd5 Nxd5 23. Rxd5 Rd8 24. Nc3 Be6 25. Rxb5 Qa7 26. Rb7 Qa8 27. Nd5 Bxd5 28. exd5 Ra7 29. Rb6 Bf8 30. Qc3 Bd6 31. Rc1 Rb7 32. Qe3 Rxb6 33. Qxb6 Qb8 34. Qa5 Bb4 35. Qa6 Qa8 36. Qf6 Qb8 37. Rc6 Bf8 38. Rb6 Qc7 39. Qc6 Qd6 40. b4 Kg7 41. h4 Qe7 42. Rb7 Qf6 43. b5 Rd6 44. Qc7 Qf5 45. Be4 Qf6 46. b6 Rd8 47. Qc6 Bb4 48. Kg2 Rd6 49. Qb5 Ba3 50. Rb8 Rd8 51. Rxd8 Qxd8 52. Qc6 Bd6 53. b7 Qc7 54. Qa6 f5 55. Bd3 h5 56. Bb5 Kh6 57. Bc6 Qd8 58. Qa8 Bb8 59. Qa3 Bc7 60. Qa4 Qd6 61. Qc4 Kg7 62. Be8 Kh7 63. Bf7 Kg7 64. Be6 e4 65. Qa4 Kf8 66. Qd4 Qe5 67. Qc5+ Qd6 68. Qe3 Kg7 69. Qe2 Qe5 70. Qb5 Kf8 71. Qd7 1-0

[Event "Quebec-ch classe"]
[Site "St-Jean CAN"]
[Date "2000.10.06"]
[Round "1"]
[White "St Amand, Paul Jr"]
[Black "Masse, Hugues"]
[Result "0-1"]
[WhiteElo "2211"]
[BlackElo "2004"]
[PlyCount "94"]
[GameId "2160767911644137"]
[EventDate "2000.10.06"]
[EventType "swiss"]
[EventRounds "5"]
[EventCountry "CAN"]

1. e4 e5 2. Nf3 Nc6 3. Bb5 a6 4. Ba4 Nf6 5. O-O Nxe4 6. d4 b5 7. Bb3 d5 8. dxe5 Be6 9. c3 Bc5 10. Nbd2 O-O 11. Bc2 Nxf2 12. Rxf2 f6 13. exf6 Bxf2+ 14. Kxf2 Qxf6 15. Nf1 Rae8 16. Kg1 Ne5 17. Be3 Nxf3+ 18. Qxf3 Qxf3 19. gxf3 Rxf3 20. Bc5 Bh3 21. Ng3 Rf6 22. Rd1 g6 23. Bd3 Rfe6 24. Bf2 c6 25. Bf1 Bxf1 26. Kxf1 Rf6 27. Kg2 Rf4 28. Rd3 Rf6 29. Bd4 Rf7 30. Re3 Rxe3 31. Bxe3 Kf8 32. Ne2 Ke7 33. b4 Kd7 34. Nf4 Rf8 35. Nd3 Ra8 36. Nc5+ Ke8 37. Nb3 Kd7 38. Bb6 Ke6 39. Kf3 Rf8+ 40. Kg2 Ra8 41. a4 bxa4 42. Nc5+ Ke5 43. Nxa4 Ke4 44. Nc5+ Ke3 45. Nb3+ Kd3 46. Bd4 Kc4 47. Kg3 Kxb3 0-1

[Event "Quebec-ch classe"]
[Site "St-Jean CAN"]
[Date "2000.10.06"]
[Round "1"]
[White "Wojtkiewicz, Aleksander"]
[Black "Fortier, Marc-Andre"]
[Result "1-0"]
[WhiteElo "2630"]
[BlackElo "2181"]
[PlyCount "63"]
[GameId "2160767911644138"]
[EventDate "2000.10.06"]
[EventType "swiss"]
[EventRounds "5"]
[EventCountry "CAN"]

1. Nf3 c5 2. c4 Nc6 3. d4 cxd4 4. Nxd4 Nf6 5. Nc3 d5 6. cxd5 Nxd5 7. Nxc6 bxc6 8. Qc2 e6 9. Bd2 Bd7 10. a3 Be7 11. Na4 O-O 12. e4 Nf6 13. Bd3 e5 14. O-O Rc8 15. b4 Nh5 16. Ba6 Rc7 17. Rfd1 Bc8 18. Be2 Nf6 19. Bc3 Rd7 20. Bxe5 Re8 21. Bc3 Qc7 22. Bf3 Red8 23. Rxd7 Nxd7 24. Rc1 Bg5 25. Rd1 Re8 26. Bg4 Ne5 27. Bxc8 Rxc8 28. g3 Bf6 29. Kg2 Re8 30. Nc5 Rd8 31. Bxe5 Bxe5 32. Na6 1-0

[Event "Quebec-ch classe"]
[Site "St-Jean CAN"]
[Date "2000.10.07"]
[Round "2"]
[White "Boulay, David"]
[Black "Leutschaft, Martin"]
[Result "1/2-1/2"]
[WhiteElo "2082"]
[BlackElo "2157"]
[PlyCount "82"]
[GameId "2160767911644139"]
[EventDate "2000.10.06"]
[EventType "swiss"]
[EventRounds "5"]
[EventCountry "CAN"]

1. e4 c5 2. Nf3 Nc6 3. d4 cxd4 4. Nxd4 g6 5. Be2 Bg7 6. Be3 Nf6 7. Nc3 O-O 8. O-O d5 9. exd5 Nxd5 10. Nxd5 Qxd5 11. Nxc6 Qxc6 12. c3 Be6 13. Bf3 Qb5 14. Qc2 Rfd8 15. a4 Qa6 16. Rfd1 Rac8 17. Rxd8+ Rxd8 18. Rd1 Re8 19. b3 b6 20. c4 Qc8 21. Qd2 Qc7 22. h4 h5 23. Qb4 Bf6 24. g3 Be5 25. Kg2 Bg4 26. Bxg4 hxg4 27. Qb5 Qb8 28. Rd5 Bf6 29. Kh2 e6 30. Bf4 Qa8 31. Rd2 Rc8 32. Bg5 Bxg5 33. Qxg5 Qf3 34. Qe3 Qxe3 35. fxe3 Rc7 36. Rc2 a5 37. Rd2 Rc6 38. Kg2 Kg7 39. Kf2 Kf6 40. e4 Ke5 41. Ke3 Rd6 1/2-1/2

[Event "Quebec-ch classe"]
[Site "St-Jean CAN"]
[Date "2000.10.07"]
[Round "2"]
[White "Fortier, Marc-Andre"]
[Black "Desmarais, Emmanuel"]
[Result "1/2-1/2"]
[WhiteElo "2181"]
[BlackElo "2070"]
[PlyCount "82"]
[GameId "2160767911644141"]
[EventDate "2000.10.06"]
[EventType "swiss"]
[EventRounds "5"]
[EventCountry "CAN"]

1. e4 c6 2. d4 d5 3. exd5 cxd5 4. c4 Nf6 5. Nc3 e6 6. Nf3 Be7 7. Bf4 O-O 8. c5 Nc6 9. a3 Ne4 10. Qc2 f5 11. h4 Bf6 12. Rd1 Qa5 13. Qc1 Nxc3 14. Qxc3 Qxc3+ 15. bxc3 b6 16. Bd6 Re8 17. Bb5 Bd7 18. cxb6 axb6 19. O-O Be7 20. Bxe7 Rxe7 21. a4 Na5 22. Bxd7 Rxd7 23. Rfe1 Re7 24. Ne5 Rc8 25. Re3 Nc4 26. Nxc4 Rxc4 27. Rb1 Rc6 28. Rb5 Kf7 29. Kf1 Kf6 30. f4 Rec7 31. Rb3 h6 32. Ke2 g5 33. hxg5+ hxg5 34. fxg5+ Kxg5 35. g3 Rh7 36. Kf3 Rh1 37. Ra3 Rh3 38. Rb3 Rh1 39. Ra3 Rc1 40. Rd3 Re1 41. a5 bxa5 1/2-1/2